| 000 | 00469nam a2200157 i 4500 | ||
|---|---|---|---|
| 001 | 40106 | ||
| 003 | ES-MaACL | ||
| 005 | 20230906160138.0 | ||
| 007 | t| | ||
| 008 | 030305s1967 sp ||||1| spa d | ||
| 100 | 1 |
_aCañabate Navarro, Eduardo. _934711 |
|
| 245 | 1 | 0 |
_aCartagena y sus antiguas defensas muradas / _cEduardo Cañabate Navarro. |
| 260 |
_a[Cartagena] : _bAthenas, _c[1967] |
||
| 300 |
_a40 p., 3 lám. ; _c20 cm. |
||
| 852 |
_aES-MaACL _j2058-F-22 _bR.63735 |
||
| 999 |
_c40106 _d40106 |
||